| 000 | 00505nam a2200205Ia 4500 | ||
|---|---|---|---|
| 005 | 20250425161450.0 | ||
| 008 | 250425s9999 xx 000 0 und d | ||
| 020 | _a0872624234 | ||
| 041 | _aeng | ||
| 082 | _a624.171 | ||
| 100 | _aWATWOOD, V. B. | ||
| 245 | 0 | _aPLASTIC AND OTHER LIMIT STATE METHODS FOR DESIGN EVALUATION | |
| 250 | _a1ST ED. | ||
| 260 |
_aEstados Unidos _bASCE _c1984 |
||
| 260 | _aNEW YORK | ||
| 300 | _a94 | ||
| 650 | _aDISEÑO ESTRUCTURAL | ||
| 942 | _c01 | ||
| 010 | _a20963 | ||
| 999 |
_c209827 _d209827 |
||